Determinants of performance measure choices in worker incentive plans (Registro nro. 33415)
[ vista simple ]
| 000 -LEADER | |
|---|---|
| fixed length control field | 00403 a2200121 4500 |
| 001 - CONTROL NUMBER | |
| control field | ART_43595 |
| 005 - DATE AND TIME OF LATEST TRANSACTION | |
| control field | 20260410162024.0 |
| 008 - FIXED-LENGTH DATA ELEMENTS--GENERAL INFORMATION | |
| fixed length control field | 260409a |
| 100 1# - MAIN ENTRY--PERSONAL NAME | |
| Personal name | Ittner, Christopher D. |
| 245 10 - TITLE STATEMENT | |
| Title | Determinants of performance measure choices in worker incentive plans |
| 700 1# - ADDED ENTRY--PERSONAL NAME | |
| Personal name | Larcker, David F. |
| 773 0# - HOST ITEM ENTRY | |
| Title | Journal of labor economics |
| Related parts | - Vol. 20, Nº 2/2 (abr. 2002) |
| Record control number | REV43438 |
No hay ítems disponibles.